| 000 | 00922nam a2200313 a 4500 | ||
|---|---|---|---|
| 003 | AR-BaBNM | ||
| 005 | 20251128210341.0 | ||
| 008 | 082120s2002 ||||||||||||||000 | spa|| | ||
| 020 | _a84-329-9444-8 | ||
| 040 | _cAR-BaBNM | ||
| 100 | 1 | _aTuttle, Cheryl Gerson | |
| 245 | 0 | 0 | _aJuegos imaginativos para desarrollar la inteligencia de los niños |
| 260 |
_aBarcelona _bEdiciones CEAC _c1995 |
||
| 300 | _a122 p. | ||
| 490 | 0 | _aEducación y enseñanza | |
| 650 | 4 | _aJUEGOS INFANTILES | |
| 650 | 4 | _aJUEGOS EDUCATIVOS | |
| 650 | 4 | _aTECNICAS DIDACTICAS | |
| 650 | 4 | _aACTIVIDADES DE APRENDIZAJE | |
| 650 | 4 | _aEDUCACION FAMILIAR | |
| 650 | 4 | _aDESARROLLO INTELECTUAL | |
| 650 | 4 | _aENSEÑANZA DE LA LECTURA | |
| 650 | 4 | _aENSEÑANZA DE LA ESCRITURA | |
| 650 | 4 | _aENSEÑANZA DE LAS MATEMATICAS | |
| 700 | 1 | _aPaquette, Penny Hutchins | |
| 800 | 1 |
_aSarramona, Jaume _edirector |
|
| 942 | _cBK | ||
| 998 | _cRaquel | ||
| 999 |
_c15086 _d15086 |
||